Węzły autostradowe w Polsce - Statystyki

Ogólne statystyki
  • Ten quiz został rozwiązany 69 razy
  • Średni wynik to 6 z 8
Statystyki odpowiedzi
Hint Hint Odpowiedź % Poprawnych
A1 A2 Łódź Północ
89%
A4 A1 Gliwice Sośnica
86%
A2 Obwodnica Warszawy Konotopa
79%
A8 A4 Wrocław Południe
71%
S11 A2 Poznań Zachód
64%
A2 S3 Jordanowo
63%
S5 A8 Wrocław Północ
61%
A4 S1 Brzęczkowice
46%
Nie znaleziono quizów pasujących do podanych kryteriów
Rozkład punktacji
Procent ludzi z każdym wynikiem
Percentyl według liczby udzielonych odpowiedzi
Twoja historia wyników
Nie rozwiązałeś tego quizu